gminy powiatu siedleckiego - Statystyki

Ogólne statystyki
  • Ten quiz został rozwiązany 225 razy
  • Średni wynik to 8 z 14
Odpowiedzi na mapie
Odpowiedzi zakodowano w zielono-czerwonej skali na mapie do tego quizu, zgodnie z poniższymi procentami.
 
Statystyki odpowiedzi
Gmina Odpowiedź % Poprawnych
miasto na prawach powiatu Siedlce
99%
wiejska Siedlce
99%
miejsko-wiejska Mordy
74%
wiejska Kotuń
61%
wiejska Zbuczyn
57%
wiejska Wiśniew
55%
wiejska Skórzec
49%
wiejska Mokobody
48%
wiejska Suchożebry
44%
wiejska Domanice
41%
wiejska Paprotnia
40%
wiejska Wodynie
38%
wiejska Korczew
37%
wiejska Przesmyki
31%
Nie znaleziono quizów pasujących do podanych kryteriów
Rozkład punktacji
Procent ludzi z każdym wynikiem
Percentyl według liczby udzielonych odpowiedzi
Twoja historia wyników
Nie rozwiązałeś tego quizu